LDR 00800naa#a2200169#i#450# 001 RU\\bibl\120445 005 20260514124435.4 011 ## _a2074-8183 100 ## _a20260331b2026####ek#y0rusy0150####ca 102 ## _aRU 200 1# _aПРОТИВОДЕЙСТВИЕ РАССЛЕДОВАНИЮ НА ДОСУДЕБНОЙ СТАДИИ УГОЛОВНОГО ПРОЦЕССА: О ПОНЯТИИ И ЕГО ЗАКОНОМЕРНОСТЯХ _eЖурнальная статья 210 1# _aВолгоград _cВолгоградская академия МВД России _d2026 215 ## _a10 с. 608 ## _aЖурнальная статья _2local 675 ## _aТактика получения доказательств. 343.985.2 _z 700 #1 _aЗамылин _gЕвгений Иванович 856 4# _ava-mvd.editorum.ru _u